| 000 | 00599nam a22001937a 4500 | ||
|---|---|---|---|
| 005 | 20241025120309.0 | ||
| 010 | _aENG-142372 | ||
| 020 |
_a9789354426575 _c375.00 |
||
| 035 | _aEN-125904 | ||
| 037 | _bDBAD | ||
| 082 |
_a954.08 _21 |
||
| 100 |
_aTalapatra, Gargi _973445 |
||
| 245 |
_aSubaltern Studies: _bA Short Introduction/ _cBy Gargi Talapatra |
||
| 250 | _a1 | ||
| 260 |
_aHyderabad _bOrient Blackswan Private Ltd _c2023 |
||
| 270 |
_a3-6-752, Himayatnagar _bHyderabad _e500029 _minfo@orintblackswan.com |
||
| 300 |
_axx,182p. _c21cm(pb) |
||
| 942 |
_2ddc _cEN _h954.08 _mTAL |
||
| 999 |
_c206746 _d206746 |
||